UBT Library

Six centuries of master prints : (Record no. 45026)

000 -LEADER
fixed length control field 00970cam a2200277 a 4500
001 - CONTROL NUMBER
control field 4399036
005 - DATE AND TIME OF LATEST TRANSACTION
control field 20180314085324.0
008 - FIXED-LENGTH DATA ELEMENTS--GENERAL INFORMATION
fixed length control field 940411s1993 ohua bc 001 0 eng d
010 ## - LIBRARY OF CONGRESS CONTROL NUMBER
LC control number 92073973
020 ## - INTERNATIONAL STANDARD BOOK NUMBER
International Standard Book Number 0931537150
035 ## - SYSTEM CONTROL NUMBER
System control number (OCoLC)27319119
040 ## - CATALOGING SOURCE
Original cataloging agency KyU
Transcribing agency KyU
Modifying agency TxU
-- DLC
041 ## - LANGUAGE CODE
Language code of text/sound track or separate title eng
042 ## - AUTHENTICATION CODE
Authentication code lccopycat
043 ## - GEOGRAPHIC AREA CODE
Geographic area code n-us-oh
080 ## - UNIVERSAL DECIMAL CLASSIFICATION NUMBER
Universal Decimal Classification number 769.07477178 SPA
082 00 - DEWEY DECIMAL CLASSIFICATION NUMBER
Classification number 769.07477178 SPA
Edition number 20
100 ## - Rafti
Rafti 44
101 ## - Shkurtesa
Shkurtesa ART
245 00 - TITLE STATEMENT
Title Six centuries of master prints :
Statement of responsibility, etc edited by Kristin L. Spangenberg ; with essays by David P. Becker ... [et al.].
504 ## - BIBLIOGRAPHY, ETC. NOTE
Bibliography, etc "H.G. French bibliography": p. 330.
504 ## - BIBLIOGRAPHY, ETC. NOTE
Bibliography, etc Includes bibliographical references (p. 331-338) and index.
906 ## - LOCAL DATA ELEMENT F, LDF (RLIN)
a 7
b cbc
c copycat
d 2
e opcn
f 19
g y-gencatlg
942 ## - ADDED ENTRY ELEMENTS (KOHA)
Source of classification or shelving scheme
Item type Books

No items available.

UBT Library © 2015-2024. All rights reserved University Education for Business and Technology